| 000 | 00696nam a2200193Ia 4500 | ||
|---|---|---|---|
| 008 | 190511s9999 xx 000 0 und d | ||
| 100 | _aWeigard, Alexander | ||
| 245 | _aTesting formal predictions of neuroscientific theories of adhd with a cognitive model-based approach / | ||
| 245 | _cAlexander Weigard, Cynthia Huang-Pollock, Scott Brown, and Andrew Heathcote.-- | ||
| 260 | _bAmerican Psychological Association | ||
| 260 | _c2018 | ||
| 300 | _aPages 529-539, July 2018 | ||
| 440 |
_aJournal of Abnormal Psychology _v127(2) |
||
| 650 | _aADHD | ||
| 650 | _aLBA | ||
| 650 | _amodel-based cognitive neuroscience | ||
| 650 | _aResponse times | ||
| 856 | _uwww.apa.org/pubs/journals/abn | ||
| 999 |
_c361848 _d361848 |
||